| 000 | 00585nam a2200205Ia 4500 | ||
|---|---|---|---|
| 003 | OSt | ||
| 005 | 20260327111125.0 | ||
| 008 | 210210b1945 xxu||||| |||| 00| 0 eng d | ||
| 040 | _cAL | ||
| 041 | _aHindi | ||
| 082 | _a869/121 | ||
| 100 |
_aMIRZA (Azumbaichagtayi) _9182012 _dमिर्ज़ा (अज़ुम्बाइचगतायी) |
||
| 245 |
_aCoaltar _bकोलतार |
||
| 260 |
_aPrAyag _bChatrhitakari Pustakmala _c1945 |
||
| 650 |
_aTisri _9182013 |
||
| 650 |
_amanjil _9182014 |
||
| 690 |
_aHindi Fiction _9182015 |
||
| 906 | _a023920 | ||
| 942 |
_2ddc _cBK |
||
| 999 |
_c148885 _d148885 |
||